书目信息 |
| 题名: |
媒体前沿报告
|
|
| 作者: | 周伟 主编 | |
| 分册: | ||
| 出版信息: | 北京 光明日报出版社 37316 |
|
| 页数: | 382页 | |
| 开本: | 20cm | |
| 丛书名: | ||
| 单 册: | ||
| 中图分类: | G219.1 | |
| 科图分类: | ||
| 主题词: | 新闻学 , 新闻工作 | |
| 电子资源: | ||
| ISBN: | 7-80145-515-0 | |
| 000 | 00531nam0 2200193 450 | |
| 001 | 0728815141 | |
| 005 | 20070819080015.14 | |
| 010 | @a7-80145-515-0@d¥29.80 | |
| 100 | @a20070819d km y0chiy0120 ea | |
| 101 | 0 | @achi |
| 200 | 1 | @a媒体前沿报告@Amei ti qian yan bao gao@f周伟主编@Fzhou wei zhu bian |
| 210 | @a北京@c光明日报出版社@d37316 | |
| 215 | @a382页@d20cm | |
| 606 | 0 | @a新闻学 |
| 606 | 0 | @a新闻工作 |
| 690 | @aG219.1@v3 | |
| 701 | 0 | @a周伟@Azhou wei@4主编 |
| 801 | 0 | @aCN@bPFT@c20070819 |
| 905 | @a213230@dG219.1@eZW63@f1 | |
| 媒体前沿报告/周伟主编.-北京:光明日报出版社,37316 |
| 382页;20cm |
| ISBN 7-80145-515-0:¥29.80 |
| ● |
| 相关链接 |
|
|
|
|
正题名:媒体前沿报告
索取号:G219.1/ZW63
 
预约/预借
| 序号 | 登录号 | 条形码 | 馆藏地/架位号 | 状态 | 备注 |
| 1 | 7612516 | 276125168 | 密集书库-文学院/ [索取号:G219.1/ZW63] | 在馆 |